00758nac a22001811u 4500020001500000082002000015090001300035100003400048245009500082250001200177260003800189650002700227650002200254942002200276999001300298952013100311952013400442 a007058611X a621.382bH87374 c116d116 aHsu, Hwei  aSchaum's outline of theory and problems of analog and digital communications/bHwei P. Hsu a2nd ed. aNew DelhibTata McGraw-Hillc2004 aDigital communications aTelecommunication cBBk621.382H87374 c116d116 00104070aMAINbMAINc1STd2005-12-22ePurchasel12m70o621.382 HSUp000004649r2025-07-15 00:00:00s2019-02-14v120.00yBB 00102ddc40708AlahramaMAINbMAINc1STd2009-02-12epurchaseg116.70h6390l0o621.382 HSUp000014813r2025-07-15 00:00:00yNB